Zisk a ztráta jako předmět úpravy obchodního zákoníku, zákona o daních z příjmů a účetních předpisů. 2

Schvaľovanie účtovnej závierky podľa obchodného zákoníka ČR (fyzických osôb, v komanditnej spoločnosti, spoločnosti s r.o., v účastinnej spoločnosti, družstve, účtovná závierka a tiché spoločenstvo), daňové priznanie, schválenie účtovnej závierky ako obchodnoprávna skutočnosť.

Saved in:
Bibliographic Details
Main Author: Dědič, J.
Format: Book Chapter
Language:Czech
Subjects:
Tags: Add Tag
No Tags, Be the first to tag this record!

MARC

LEADER 00000naa a2200000 4500
001 r015735
005 20221213083420.0
041 0 |a cze 
044 |a CZ 
245 1 0 |a Zisk a ztráta jako předmět úpravy obchodního zákoníku, zákona o daních z příjmů a účetních předpisů. 2  |c J. Dědič 
520 |a Schvaľovanie účtovnej závierky podľa obchodného zákoníka ČR (fyzických osôb, v komanditnej spoločnosti, spoločnosti s r.o., v účastinnej spoločnosti, družstve, účtovná závierka a tiché spoločenstvo), daňové priznanie, schválenie účtovnej závierky ako obchodnoprávna skutočnosť. 
610 2 0 |a zisk 
610 2 0 |a strata 
610 2 0 |a strata daňová 
610 2 0 |a účtovníctvo 
610 2 0 |a zákonník obchodný 
610 2 0 |a dane z príjmov 
610 2 0 |a zákony 
610 2 0 |a Česko 
100 1 |a Dědič, J.